Toutes les Apple Watch vendus par Apple - Statistiques

Statistiques générales
  • Ce quiz a été pris 15 fois
  • Le résultat moyen est 16 sur 17
Statistiques - réponses
Présentation Modèle % Correct
16 septembre 2016 Series 1
100%
9 septembre 2024 Series 10
100%
9 septembre 2025 Series 11
100%
16 septembre 2016 Series 2
100%
22 septembre 2017 Series 3
100%
12 septembre 2018 Series 4
100%
20 septembre 2019 Series 5
100%
15 septembre 2020 Series 6
100%
14 septembre 2021 Series 7
100%
7 septembre 2022 Series 8
100%
12 septembre 2023 Series 9
100%
15 septembre 2020 Series SE 1
77%
7 septembre 2022 Series SE 2
77%
9 septembre 2025 Series SE 3
77%
7 septembre 2022 Ultra 1
77%
9 septembre 2025 Ultra 3
77%
12 septembre 2023 Ultra 2
69%
Aucun quiz correspondant
Distribution des résultats
% des personnes avec chaque résultat
Percentile par nombre de réponses
Votre historique - résultats
Vous n’avez pas pris ce quiz